000 00674nam a2200217 4500
003 OSt
005 20240729020739.0
006 a
008 240729b |||||||| |||| 00| 0 eng d
020 _a9780321711007
040 _aDWCL-Main lib.
_cOC
082 _2Twelfth edition
_aCirc. 515 B216c 2011
100 _aZeigler, Michael R.
245 _aCalculus for business, economics, life sciences, and social sciences /
250 _aTwelfth edition
260 _aBoston :
_bPearson Education,
_cc2011.
300 _axx,
_b( various pagings) : ill. ;
_c28 cm.
504 _aIncludes indexes.
650 _a1. calculus.
942 _2ddc
_n0
_cBK-CIRC
_eTwelfth edition
_kCirc.
999 _c2880
_d2880